Món ngon Việt Nam

Spremljeno u:
Bibliografski detalji
Format: Žurnal
Jezik:Vietnamese
Izdano: H.: Lao động - Xã hội
Oznake: Dodaj oznaku
Bez oznaka, Budi prvi tko označuje ovaj zapis!
Thư viện lưu trữ: Thư viện Trường Đại học Đà Lạt
LEADER 00417nam a2200193 4500
001 DLU060056348
040 # # |a DLU  |b vie 
041 # # |a vie 
245 # # |a Món ngon Việt Nam 
260 # # |a H.:  |b Lao động - Xã hội 
300 # # |a t.:  |b ;  |c 2006- 
994 # # |a DLU 
900 # # |a True 
911 # # |a Nguyễn Thị Yên 
925 # # |a G 
926 # # |a A 
927 # # |a TT 
980 # # |a Thư viện Trường Đại học Đà Lạt